000 00977cad a22002175a 4500
001 L156033
008 120425s2012 xxk f 000 0 eng d
035 _a(Sirsi) u156033
041 0 _aeng
110 2 _aUnited Kingdom
_bDepartment of Energy and Climate Change
_95850
245 0 0 _aSupport for eco innovators
_h[electronic resource]
260 _aLondon
_bDECC
_c2012
490 0 _aDECC Press Notice
_v25 April 2012
520 _aDECC announces support to help Small and medium-sized enterprises come up with the low carbon ideas of the future. An Energy Entrepreneurs Fund will have a budget of up to £35m over the next three years and will provide financial support for SMEs to develop and demonstrate their ideas.
590 _aKA
651 4 _aUnited Kingdom
690 _aEnergy
_96237
690 _aEnvironment
_96238
856 4 0 _uhttps://www.decc.gov.uk/en/content/cms/news/pn12_052/pn12_052.aspx
_zView the item free of charge at www.decc.gov.uk
942 _n0
999 _c113993
_d113993